Matematicas ll Calculo Integral/ (Registro nro. 8689)

Detalles MARC
000 -LEADER
fixed length control field 00762nam a2200217Ia 4500
005 - FECHA Y HORA DE LA ÚLTIMA TRANSACCIÓN
control field 20230808105058.0
008 - FIXED-LENGTH DATA ELEMENTS--GENERAL INFORMATION
fixed length control field 230725s9999 xx 000 0 und d
020 ## - INTERNATIONAL STANDARD BOOK NUMBER
International Standard Book Number 9786071512871
040 ## - CATALOGING SOURCE
Original cataloging agency UPAN
Transcribing agency Biblioteca San Vicente
Description conventions RCAA2
041 ## - LANGUAGE CODE
Language code of text/sound track or separate title spa
082 ## - DEWEY DECIMAL CLASSIFICATION NUMBER
Classification number 515.43
Item number Z69m
año de publicación 2015
100 ## - MAIN ENTRY--PERSONAL NAME
Personal name Zill, Dennis G.
Relator code aut.
245 #0 - TITLE STATEMENT
Title Matematicas ll Calculo Integral/
Remainder of title Dennis G. Zill
250 ## - EDITION STATEMENT
Edition statement 2º ed.
260 ## - PUBLICATION, DISTRIBUTION, ETC. (IMPRINT)
Place of publication, distribution, etc Mexico:
Name of publisher, distributor, etc Mc Graw Hill,
Date of publication, distribution, etc 2015
300 ## - PHYSICAL DESCRIPTION
Extent 259 p.:
Dimensions 28 cm.
505 ## - FORMATTED CONTENTS NOTE
Formatted contents note Unidad 1. Teorema fundamental del cálculo<br/>Unidad 2. Métodos de integración <br/>Unidad 3. Aplicaciones de la integral<br/>Unidad 4. Sucesiones y series
650 ## - SUBJECT ADDED ENTRY--TOPICAL TERM
Source of heading or term LEMB
Topical term or geographic name as entry element Cálculo integral
General subdivision Matemáticas
700 ## - ADDED ENTRY--PERSONAL NAME
Personal name Wright Warren S.
Relator code col.
942 ## - ADDED ENTRY ELEMENTS (KOHA)
Koha item type Libros
Source of classification or shelving scheme Dewey Decimal Classification
Existencias
Withdrawn status Lost status Source of classification or shelving scheme Damaged status Not for loan Collection code Home library Current library Date acquired Total Checkouts Full call number Barcode Date last seen Copy number Price effective from Koha item type
    Dewey Decimal Classification     Colección General Biblioteca UPAN San Vicente Biblioteca UPAN San Vicente 25/07/2023   515.43 Z69m 12004117 25/07/2023 01 25/07/2023 Libros
    Dewey Decimal Classification     Colección General Biblioteca UPAN San Vicente Biblioteca UPAN San Vicente 25/07/2023   515.43 Z69m 12004116 08/08/2023 02 25/07/2023 Libros
    Dewey Decimal Classification     Colección General Biblioteca UPAN San Vicente Biblioteca UPAN San Vicente 25/07/2023   515.43 Z69m 12004115 08/08/2023 03 25/07/2023 Libros